[Event "32nd GER-ch Seniors-65 2020"]
[Site "Magdeburg"]
[Date "2020.08.20"]
[Round "7.6"]
[White "Postler, Reinhard"]
[Black "Blosze, Winfried"]
[Result "1-0"]
[WhiteElo "2238"]
[BlackElo "1820"]
[Annotator "ChessBase"]
[PlyCount "107"]
[EventDate "2020.08.14"]
[EventType "swiss"]
[EventCountry "GER"]
[SourceTitle "playchess.com"]
[Source "ChessBase"]
[SourceQuality "1"]
[TimeControl "40/5400+30:1800+30"]

1. e4 {[%emt 0:00:00]} e5 {[%emt 0:00:00]} 2. Nf3 {[%emt 0:00:00]} Nc6 {[%emt 0:00:00]} 3. Bb5 {[%emt 0:00:00]} a6 {[%emt 0:00:00]} 4. Ba4 {[%emt 0:00:00]} Nf6 {[%emt 0:00:22]} 5. O-O {[%emt 0:00:00]} b5 {[%emt 0:00:24]} 6. Bb3 {[%emt 0:00:01]} Be7 {[%emt 0:00:29]} 7. Re1 {[%emt 0:00:20]} O-O {[%emt 0:00:38]} 8. h3 {[%emt 0:00:33]} d6 {[%emt 0:00:09]} 9. c3 {[%emt 0:00:08]} Na5 {[%emt 0:02:13]} 10. Bc2 {[%emt 0:00:33]} Nc4 {[%emt 0:03:20]} 11. d4 {[%emt 0:02:17]} exd4 {[%emt 0:03:45]} 12. cxd4 {[%emt 0:00:05]} Bb7 {[%emt 0:03:24]} 13. b3 {[%emt 0:09:35]} Nb6 {[%emt 0:01:14]} 14. Nbd2 {[%emt 0:03:19]} Re8 {[%emt 0:05:52]} 15. Bb2 {[%emt 0:03:45]} g6 {[%emt 0:05:21]} 16. Rc1 {[%emt 0:01:30]} Bf8 {[%emt 0:04:48]} 17. Bb1 {[%emt 0:04:06]} Rc8 {[%emt 0:04:59]} 18. e5 {[%emt 0:03:25]} Nh5 {[%emt 0:01:48]} 19. Be4 {[%emt 0:04:49]} d5 {[%emt 0:03:34]} 20. Bb1 {[%emt 0:00:03]} Ng7 {[%emt 0:02:40]} 21. Nf1 {[%emt 0:00:50]} Ne6 {[%emt 0:02:29]} 22. Bc3 {[%emt 0:01:05]} b4 {[%emt 0:04:43]} 23. Bd2 {[%emt 0:02:19]} c5 {[%emt 0:01:38]} 24. Be3 {[%emt 0:00:21]} c4 {[%emt 0:00:25]} 25. N3h2 {[%emt 0:00:48]} a5 {[%emt 0:05:44]} 26. Ng4 {[%emt 0:01:53]} Nd7 {[%emt 0:00:45]} 27. f4 {[%emt 0:00:13]} f5 {[%emt 0:05:29]} 28. exf6 {[%emt 0:00:52]} Nxf6 {[%emt 0:00:06]} 29. f5 {[%emt 0:02:00]} gxf5 {[%emt 0:01:09]} 30. Bxf5 {[%emt 0:00:17]} Ne4 {[%emt 0:03:21]} 31. Ne5 {[%emt 0:03:38]} Qh4 {[%emt 0:04:56]} 32. g3 {[%emt 0:04:53]} Qe7 {[%emt 0:08:13]} 33. bxc4 {[%emt 0:00:37]} Qg7 {[%emt 0:02:13]} 34. c5 {[%emt 0:08:09]} Nxg3 {[%emt 0:02:02]} 35. Nxg3 {[%emt 0:00:37]} Qxg3+ 36. Kh1 Ng7 {[%emt 0:03:27]} 37. Bxc8 {[%emt 0:09:58]} Bxc8 {[%emt 0:00:30]} 38. Qf3 {[%emt 0:00:48]} Qxf3+ {[%emt 0:00:56]} 39. Nxf3 {[%emt 0:00:02]} Bxh3 {[%emt 0:01:28]} 40. Bf4 {[%emt 0:00:19]} Rc8 {[%emt 0:02:44]} 41. Be5 {[%emt 0:34:03]} Rc6 {[%emt 0:33:58]} 42. Kh2 {[%emt 0:00:31]} Bf5 {[%emt 0:00:12]} 43. Kg3 {[%emt 0:00:53]} Be4 {[%emt 0:01:31]} 44. Kf2 {[%emt 0:00:35]} Nf5 45. Rg1+ Kf7 {[%emt 0:06:50]} 46. Ng5+ {[%emt 0:00:46]} Ke8 {[%emt 0:01:31]} 47. Nxe4 {[%emt 0:03:10]} dxe4 {[%emt 0:00:03]} 48. Rce1 {[%emt 0:02:47]} e3+ {[%emt 0:01:28]} 49. Kf3 {[%emt 0:00:15]} Rh6 {[%emt 0:00:52]} 50. Ke4 {[%emt 0:02:22]} Ne7 {[%emt 0:00:00]} 51. Rxe3 {[%emt 0:00:00]} Rh4+ {[%emt 0:00:00]} 52. Kd3 {[%emt 0:00:00]} Kd7 {[%emt 0:00:00]} 53. Kc4 {[%emt 0:00:00]} Kc6 {[%emt 0:00:00]} 54. Bf6 {[%emt 0:00:00]} 1-0

[Event "32nd GER-ch Seniors-65 2020"]
[Site "Magdeburg"]
[Date "2020.08.20"]
[Round "7.7"]
[White "Lehmann, Joachim"]
[Black "Strobel, Walter"]
[Result "0-1"]
[WhiteElo "1797"]
[BlackElo "2150"]
[Annotator "ChessBase"]
[PlyCount "82"]
[EventDate "2020.08.14"]
[EventType "swiss"]
[EventCountry "GER"]
[SourceTitle "playchess.com"]
[Source "ChessBase"]
[SourceQuality "1"]
[TimeControl "40/5400+30:1800+30"]

1. d4 {[%emt 0:00:00]} d5 {[%emt 0:00:00]} 2. Nc3 {[%emt 0:00:00]} c6 {[%emt 0:00:52]} 3. Bf4 {[%emt 0:00:00]} Nf6 {[%emt 0:01:24]} 4. e3 {[%emt 0:00:00]} Bf5 {[%emt 0:01:05]} 5. f3 {[%emt 0:00:06]} e6 {[%emt 0:02:43]} 6. g4 {[%emt 0:00:08]} Bg6 {[%emt 0:00:06]} 7. h4 {[%emt 0:00:06]} h6 {[%emt 0:04:15]} 8. Bd3 {[%emt 0:00:09]} Bxd3 {[%emt 0:03:50]} 9. Qxd3 {[%emt 0:00:02]} Nbd7 {[%emt 0:00:03]} 10. Nge2 {[%emt 0:00:58]} Nb6 {[%emt 0:06:55]} 11. O-O-O {[%emt 0:03:52]} Nc4 {[%emt 0:06:54]} 12. Rdg1 {[%emt 0:02:11]} Qa5 {[%emt 0:02:45]} 13. Kb1 {[%emt 0:05:46]} Be7 {[%emt 0:34:27]} 14. Nc1 {[%emt 0:04:42]} Nd7 {[%emt 0:03:53]} 15. Nb3 {[%emt 0:01:49]} Qa6 {[%emt 0:00:15]} 16. g5 {[%emt 0:01:34]} h5 {[%emt 0:01:40]} 17. e4 {[%emt 0:01:03]} O-O-O {[%emt 0:02:51]} 18. exd5 {[%emt 0:00:53]} cxd5 {[%emt 0:00:34]} 19. Re1 {[%emt 0:02:10]} g6 {[%emt 0:01:35]} 20. Nd2 {[%emt 0:05:05]} Ndb6 {[%emt 0:06:30]} 21. Nxc4 {[%emt 0:06:13]} Nxc4 {[%emt 0:00:59]} 22. Ka1 {[%emt 0:01:39]} Bb4 {[%emt 0:00:58]} 23. Re2 {[%emt 0:04:12]} Qa5 {[%emt 0:04:28]} 24. Nd1 {[%emt 0:01:32]} Bd6 {[%emt 0:01:01]} 25. Bxd6 {[%emt 0:01:27]} Rxd6 {[%emt 0:00:35]} 26. Qc3 {[%emt 0:06:57]} Qxc3 {[%emt 0:04:27]} 27. Nxc3 {[%emt 0:00:14]} Rb6 {[%emt 0:00:02]} 28. b3 {[%emt 0:10:01]} Nd6 {[%emt 0:00:06]} 29. Na4 {[%emt 0:03:09]} Rc6 {[%emt 0:00:07]} 30. Nc5 {[%emt 0:00:09]} Nf5 {[%emt 0:00:27]} 31. c3 {[%emt 0:00:51]} Ng3 {[%emt 0:00:34]} 32. Rhe1 {[%emt 0:00:33]} Nxe2 {[%emt 0:00:06]} 33. Rxe2 {[%emt 0:00:08]} b6 {[%emt 0:00:21]} 34. Na4 {[%emt 0:00:05]} Kd7 {[%emt 0:00:42]} 35. Kb2 {[%emt 0:00:35]} Rf8 {[%emt 0:01:33]} 36. Rg2 {[%emt 0:04:29]} Kd6 {[%emt 0:01:04]} 37. Ka3 {[%emt 0:02:31]} e5 {[%emt 0:01:40]} 38. Kb2 {[%emt 0:02:24]} Re8 {[%emt 0:01:25]} 39. Rd2 {[%emt 0:04:45]} e4 {[%emt 0:00:46]} 40. fxe4 {[%emt 0:03:54]} Rxe4 {[%emt 0:00:17]} 41. Rh2 {[%emt 0:30:26]} Rc7 0-1

[Event "32nd GER-ch Seniors-65 2020"]
[Site "Magdeburg"]
[Date "2020.08.20"]
[Round "7.8"]
[White "Syre, Christian"]
[Black "Harringer, Manfred"]
[Result "1-0"]
[WhiteElo "2222"]
[BlackElo "2008"]
[Annotator "TA"]
[PlyCount "80"]
[EventDate "2020.08.14"]
[EventType "swiss"]
[EventCountry "GER"]
[SourceTitle "playchess.com"]
[Source "ChessBase"]
[SourceQuality "1"]

{[%evp 12,80,19,8,12,0,58,0,-4,-34,0,-20,-11,-8,-5,-16,0,-21,0,-11,18,-1,0,0,0,0,24,4,2,12,14,10,11,11,18,0,0,0,0,0,34,0,0,0,0,0,0,0,0,2,31,31,25,43,108,114,186,81,154,124,151,128,29996,29997,29999,0,751,247,422,402,577]} 1. d4 Nf6 2. Bf4 d6 3. e3 g6 4. Nf3 Bg7 5. Be2 O-O 6. h3 c5 7. O-O b6 {A48: 1 d4 Nf6 2 Nf3 g6: Torre, London and Colle Systems.} 8. Nc3 Ba6 {[#]} (8... a6 $11) 9. Nb5 $146 (9. d5 $14) ({Predecessor:} 9. a4 Bxe2 10. Qxe2 Nc6 11. Rad1 Qc8 12. d5 Nb8 13. e4 Nbd7 14. e5 dxe5 15. Nxe5 Nxe5 16. Bxe5 {½-½ (34) Horbing,S (2106)-Gantar,J (2206) Pardubice 2017}) 9... Bb7 {The position is equal.} 10. a4 Nbd7 11. c3 a6 12. Na3 Bc6 13. Bh2 Qb8 14. b4 cxb4 15. cxb4 Bd5 16. Qb1 Ne4 17. Qb2 Rc8 18. Rfc1 Bb7 19. Qb3 Rxc1+ 20. Rxc1 Qd8 21. Bc4 Qe8 22. Rc2 Ndf6 23. Ne1 b5 24. axb5 axb5 25. Bf1 Qb8 26. Qb2 Qa7 27. Nxb5 Qa1 28. Nc7 Qxb2 29. Rxb2 Ra1 30. Nd3 Nd5 (30... g5 $5 {[%cal Rg5g4]}) 31. Nxd5 Bxd5 32. Rc2 Bb3 {[#]} (32... Bh6 $14) 33. Rc1 $1 $36 {[%cal Rc1a1][%mdl 2048] White has strong initiative.} Ra4 (33... Rxc1 $16 34. Nxc1 Bd5) 34. f3 (34. b5 $18) 34... Nd2 (34... Bh6 $142 35. Rc8+ (35. fxe4 Bxe3+ {[%mdl 64] Double Attack} 36. Kh1 Bxc1 $11) 35... Kg7 36. fxe4 Bxe3+ 37. Nf2 Rxb4) 35. Rc8+ Bf8 36. Bf4 {Bh6 would kill now.} Bc4 $2 {[%mdl 8192] [#]} (36... Be6 $16 37. Rb8 Kg7) 37. Bh6 {[%csl Gh6][%cal Rc8f8]} Bd5 38. Bf4 $2 (38. Rxf8# {mates}) 38... Bb3 $2 {[%mdl 8192]} (38... Bc4 $11) 39. Be2 $2 (39. Nc5 {Intending Bh6 and mate.} g5 40. Bxg5) 39... Kg7 $2 (39... Be6 40. Rb8 Kg7) 40. e4 $18 Bc4 {Accuracy: White = 73%, Black = 51%.} (40... Nc4 $142 41. Nc1 Rxb4 42. Nxb3 Nb6) 1-0

[Event "32nd GER-ch Seniors-65 2020"]
[Site "Magdeburg"]
[Date "2020.08.20"]
[Round "7.9"]
[White "Pichler, Manfred"]
[Black "Rosen, Willy"]
[Result "0-1"]
[WhiteElo "1984"]
[BlackElo "2165"]
[Annotator "ChessBase"]
[PlyCount "70"]
[EventDate "2020.08.14"]
[EventType "swiss"]
[EventCountry "GER"]
[SourceTitle "playchess.com"]
[Source "ChessBase"]
[SourceQuality "1"]
[TimeControl "40/5400+30:1800+30"]

1. e4 {[%emt 0:00:00]} c5 {[%emt 0:00:00]} 2. b3 {[%emt 0:00:00]} e5 {[%emt 0:02:00]} 3. Bb2 {[%emt 0:00:30]} Nc6 {[%emt 0:00:52]} 4. Bc4 {[%emt 0:02:58]} d6 {[%emt 0:06:06]} 5. Nc3 {[%emt 0:08:59]} Nf6 {[%emt 0:03:11]} 6. d3 {[%emt 0:00:18]} a6 {[%emt 0:04:00]} 7. a4 {[%emt 0:02:41]} g6 {[%emt 0:03:48]} 8. Nge2 {[%emt 0:01:05]} Bg7 {[%emt 0:08:00]} 9. O-O {[%emt 0:00:11]} O-O {[%emt 0:00:19]} 10. f4 {[%emt 0:10:40]} Ng4 {[%emt 0:03:20]} 11. Nd5 {[%emt 0:18:19]} Ne7 {[%emt 0:23:47]} 12. Nec3 {[%emt 0:06:59]} exf4 {[%emt 0:01:23]} 13. Nxe7+ {[%emt 0:17:06]} Qxe7 {[%emt 0:00:03]} 14. Qc1 {[%emt 0:09:24]} Bd4+ {[%emt 0:01:23]} 15. Kh1 {[%emt 0:00:24]} Nxh2 {[%emt 0:11:17]} 16. Qxf4 {[%emt 0:01:50]} Nxf1 {[%emt 0:01:28]} 17. Nd5 {[%emt 0:05:48]} Qe5 {[%emt 0:00:38]} 18. Bxd4 {[%emt 0:01:45]} cxd4 {[%emt 0:03:46]} 19. Qxf1 {[%emt 0:02:54]} Be6 {[%emt 0:03:30]} 20. Nb6 {[%emt 0:02:09]} Rad8 {[%emt 0:01:09]} 21. Qf2 {[%emt 0:01:30]} Bxc4 {[%emt 0:06:27]} 22. Nxc4 {[%emt 0:00:09]} Qh5+ {[%emt 0:00:09]} 23. Kg1 {[%emt 0:00:15]} d5 {[%emt 0:00:08]} 24. Nd2 {[%emt 0:01:58]} dxe4 {[%emt 0:04:33]} 25. Nxe4 {[%emt 0:00:11]} f5 {[%emt 0:00:12]} 26. Nc5 {[%emt 0:01:31]} Rfe8 {[%emt 0:00:23]} 27. Nxb7 {[%emt 0:01:39]} Re2 {[%emt 0:01:28]} 28. Qg3 {[%emt 0:00:29]} Rde8 {[%emt 0:01:10]} 29. Nd6 {[%emt 0:01:05]} R8e3 {[%emt 0:03:03]} 30. Qf4 {[%emt 0:00:46]} Qg4 {[%emt 0:00:19]} 31. Qxg4 {[%emt 0:00:32]} fxg4 {[%emt 0:00:02]} 32. Nc4 {[%emt 0:00:20]} Rg3 {[%emt 0:00:23]} 33. b4 {[%emt 0:01:19]} Rgxg2+ {[%emt 0:00:26]} 34. Kf1 {[%emt 0:00:22]} Ref2+ {[%emt 0:00:12]} 35. Ke1 {[%emt 0:00:09]} g3 0-1

[Event "32nd GER-ch Seniors-65 2020"]
[Site "Magdeburg"]
[Date "2020.08.20"]
[Round "7.10"]
[White "Knaak, Joachim"]
[Black "Walther, Reinhard"]
[Result "1/2-1/2"]
[WhiteElo "2144"]
[BlackElo "2027"]
[Annotator "ChessBase"]
[PlyCount "95"]
[EventDate "2020.08.14"]
[EventType "swiss"]
[EventCountry "GER"]
[SourceTitle "playchess.com"]
[Source "ChessBase"]
[SourceQuality "1"]
[TimeControl "40/5400+30:1800+30"]

1. d4 {[%emt 0:00:00]} d5 {[%emt 0:00:00]} 2. c4 {[%emt 0:00:00]} c6 {[%emt 0:00:00]} 3. Nc3 {[%emt 0:00:00]} Nf6 {[%emt 0:00:00]} 4. Nf3 {[%emt 0:00:00]} dxc4 {[%emt 0:00:00]} 5. a4 {[%emt 0:00:06]} Bf5 {[%emt 0:00:11]} 6. e3 {[%emt 0:00:08]} e6 {[%emt 0:00:17]} 7. Bxc4 {[%emt 0:00:06]} Bb4 {[%emt 0:00:22]} 8. O-O {[%emt 0:00:44]} Nbd7 {[%emt 0:01:48]} 9. Qe2 {[%emt 0:00:50]} O-O {[%emt 0:07:14]} 10. e4 {[%emt 0:07:45]} Bg6 {[%emt 0:02:54]} 11. Bg5 {[%emt 0:10:29]} h6 {[%emt 0:01:03]} 12. Bh4 {[%emt 0:00:52]} Qa5 {[%emt 0:01:50]} 13. e5 {[%emt 0:06:17]} Nd5 {[%emt 0:04:45]} 14. Nxd5 {[%emt 0:04:17]} exd5 {[%emt 0:03:05]} 15. Bd3 {[%emt 0:01:03]} Bxd3 {[%emt 0:02:58]} 16. Qxd3 {[%emt 0:00:02]} Rae8 {[%emt 0:00:26]} 17. g4 {[%emt 0:09:45]} Re6 {[%emt 0:12:03]} 18. g5 {[%emt 0:05:26]} h5 {[%emt 0:05:48]} 19. Bg3 {[%emt 0:03:46]} c5 {[%emt 0:05:52]} 20. Kh1 {[%emt 0:11:23]} Qa6 {[%emt 0:02:48]} 21. Qxa6 {[%emt 0:08:26]} Rxa6 {[%emt 0:00:20]} 22. Rfd1 {[%emt 0:08:29]} c4 {[%emt 0:06:22]} 23. Nh4 {[%emt 0:00:46]} g6 {[%emt 0:00:52]} 24. f4 {[%emt 0:00:18]} Rc8 {[%emt 0:01:47]} 25. f5 {[%emt 0:00:25]} Nf8 {[%emt 0:05:25]} 26. Be1 {[%emt 0:03:05]} Bxe1 {[%emt 0:06:23]} 27. Rxe1 {[%emt 0:00:02]} c3 {[%emt 0:00:29]} 28. bxc3 {[%emt 0:07:10]} Rxc3 {[%emt 0:00:12]} 29. Reb1 {[%emt 0:01:38]} Rh3 {[%emt 0:04:04]} 30. Ng2 {[%emt 0:00:22]} gxf5 {[%emt 0:00:19]} 31. Nf4 {[%emt 0:03:53]} Rc3 {[%emt 0:00:46]} 32. Nxd5 {[%emt 0:01:35]} Rc4 {[%emt 0:00:19]} 33. Rxb7 {[%emt 0:01:05]} Rxd4 {[%emt 0:03:12]} 34. Ne7+ {[%emt 0:00:20]} Kh7 {[%emt 0:00:25]} 35. Nxf5 {[%emt 0:00:20]} Rd7 {[%emt 0:00:35]} 36. Rb5 {[%emt 0:03:46]} Ne6 {[%emt 0:05:35]} 37. h4 {[%emt 0:00:47]} Nd4 {[%emt 0:02:20]} 38. Rd1 {[%emt 0:02:19]} Rxa4 {[%emt 0:00:16]} 39. Nxd4 {[%emt 0:00:24]} Raxd4 {[%emt 0:00:17]} 40. Rxd4 {[%emt 0:00:31]} Rxd4 {[%emt 0:00:03]} 41. Rb7 {[%emt 0:03:48]} Rxh4+ 42. Kg2 {[%emt 0:00:21]} Kg6 {[%emt 0:02:23]} 43. Rxa7 {[%emt 0:01:09]} Re4 {[%emt 0:01:40]} 44. Re7 {[%emt 0:09:27]} Rg4+ {[%emt 0:00:32]} 45. Kh3 {[%emt 0:03:53]} Rxg5 {[%emt 0:00:35]} 46. Re8 {[%emt 0:03:24]} Rf5 {[%emt 0:07:18]} 47. e6 f6 48. Rg8+ 1/2-1/2

[Event "32nd GER-ch Seniors-65 2020"]
[Site "Magdeburg"]
[Date "2020.08.20"]
[Round "7.11"]
[White "Kannenberg, Karl-Heinz"]
[Black "Steingrobe, Udo"]
[Result "1/2-1/2"]
[WhiteElo "2128"]
[BlackElo "2024"]
[Annotator "TA"]
[PlyCount "46"]
[EventDate "2020.08.14"]
[EventType "swiss"]
[EventCountry "GER"]
[SourceTitle "playchess.com"]
[Source "ChessBase"]
[SourceQuality "1"]

{[%evp 25,46,-30,-34,-27,-25,-23,47,16,20,16,57,47,77,61,90,34,15,8,27,16,9,0,15]} 1. d4 Nf6 2. Nf3 e6 3. c4 d5 4. cxd5 exd5 5. Qc2 c6 6. Bg5 Be7 7. e3 Nbd7 8. Nc3 O-O 9. Bd3 Re8 10. O-O h6 11. Bh4 Ne4 12. Bg3 Nxg3 13. hxg3 Nf6 14. Rab1 {D36: Queen's Gambit Declined: Exchange Variation: Main line (5 Bg5 c6 6 Qc2).} Bd6 15. b4 {[#]} Ne4 $146 (15... Be6 $11) ({Predecessor:} 15... a6 16. a4 Bg4 17. b5 cxb5 18. axb5 a5 19. Bf5 Bxf5 20. Qxf5 Qc8 21. Qd3 a4 {½-½ (45) Fedorowicz,J (2555)-Sokolov,I (2570) Wijk aan Zee 1991}) 16. b5 {[%cal Rc3e4] White is slightly better.} Nxc3 17. Qxc3 cxb5 18. Rxb5 b6 19. Rxd5 {Hoping for Qc6.} Be6 {[#]} 20. Rb5 (20. Rh5 $1 $16) 20... Bxa2 $14 21. Ra1 Be6 $1 22. Qb2 Qc7 23. Qd2 a6 {Accuracy: White = 88%, Black = 68%.} 1/2-1/2

[Event "32nd GER-ch Seniors-65 2020"]
[Site "Magdeburg"]
[Date "2020.08.20"]
[Round "7.12"]
[White "Gollasch, Theo-Heinz"]
[Black "Zimmermann, Rolf"]
[Result "1/2-1/2"]
[WhiteElo "1983"]
[BlackElo "2101"]
[Annotator "TA"]
[PlyCount "32"]
[EventDate "2020.08.14"]
[EventType "swiss"]
[EventCountry "GER"]
[SourceTitle "playchess.com"]
[Source "ChessBase"]
[SourceQuality "1"]

{[%evp 15,32,9,14,7,15,0,16,-5,-11,-12,22,8,25,41,60,17,10,0,28]} 1. Nf3 d5 2. g3 Nf6 3. Bg2 e6 4. c4 c6 5. cxd5 cxd5 6. O-O Nc6 7. d4 Bd6 8. Nc3 O-O 9. a3 {D13: Slav Defence: Exchange variation without ...Bf5.} a6 10. Qd3 Bd7 {[#]} 11. e4 $146 ({Predecessor:} 11. Bf4 Bxf4 12. gxf4 Nh5 13. e3 f5 14. Kh1 b5 15. Rg1 Nf6 16. Rac1 Ng4 17. Qe2 {1-0 (38) Rodriguez Moya,D-Camino Carrio,N (2165) Corte Ingles 1998}) 11... dxe4 12. Nxe4 Be7 13. Nc3 Qc7 14. Bf4 Bd6 15. Bxd6 Qxd6 16. Rad1 Qc7 {Accuracy: White = 85%, Black = 68%.} 1/2-1/2

[Event "32nd GER-ch Seniors-65 2020"]
[Site "Magdeburg"]
[Date "2020.08.21"]
[Round "8.1"]
[White "Andersen, Knut"]
[Black "Kierzek, Matthias"]
[Result "0-1"]
[WhiteElo "2047"]
[BlackElo "2228"]
[Annotator "TA"]
[PlyCount "78"]
[EventDate "2020.08.14"]
[EventType "swiss"]
[EventCountry "GER"]
[SourceTitle "playchess.com"]
[Source "ChessBase"]
[SourceQuality "1"]

{[%evp 11,78,-7,0,-2,2,-28,0,-28,0,-25,0,-51,-54,-59,-59,-55,-42,-87,-75,-102,-110,-109,-110,-96,-105,-114,-103,-167,-145,-175,-94,-87,-69,-144,-133,-179,-196,-215,-188,-190,-116,-153,-155,-171,-168,-164,-160,-191,-199,-196,-193,-243,-237,-238,-155,-331,-256,-697,-698,-799,-837,-1387,-1345,-1198,-1039,-992,-959,-1759,-1702]} 1. d4 d5 2. Bf4 Nf6 3. e3 c5 4. c3 Nc6 5. Nd2 Bf5 6. Ngf3 e6 $1 {6...e6 is better than 6...Qb6.} 7. Qb3 {D00: 1 d4 d5: Unusual lines.} Qc8 8. h3 Be7 9. Be2 {The position is equal.} h6 10. O-O O-O 11. Rac1 ({White should try} 11. c4 $11) 11... c4 $15 12. Qd1 b5 13. Ne5 {[#]} a5 $146 ({Predecessor:} 13... b4 14. cxb4 Nxe5 15. dxe5 Nd7 16. e4 Bg6 17. exd5 exd5 18. Bf3 Nb6 19. a3 a5 20. bxa5 Rxa5 {1-0 (62) Diaz Camallonga,C (2467)-Vazquez,G (2527) chess.com INT 2020}) 14. g4 Bh7 15. g5 hxg5 16. Bxg5 Ne4 17. Nxe4 Bxe4 18. Bxe7 Nxe7 19. f4 (19. Bf3 $17) 19... Nf5 $36 {[%mdl 2048] White is under strong pressure.} 20. Ng4 Ng3 (20... g6 $19 21. Bf3 Kg7 22. Bxe4 dxe4) 21. Rf2 $17 Qd8 22. Kh2 (22. Bf3 $15) 22... Qh4 23. Qg1 Nf5 24. Bf3 {intending Bxe4.} Bxf3 25. Rxf3 f6 (25... b4 $19 26. Qf2 Qe7) 26. Re1 Nd6 27. Nf2 b4 28. Rg3 Rf7 29. Qg2 bxc3 30. bxc3 {[#]} Rb8 $1 {[%cal Rb8b2] aiming for ...Rb2.} 31. Rg4 Qh7 32. Re2 Rfb7 33. Nd1 $2 {This move loses the game for White.} (33. f5 $17) 33... Ne4 {Threatens to win with ...f5.} 34. Rg6 $2 (34. Qf3) 34... Kf7 $19 {Black is clearly winning.} 35. Rg4 Rb1 36. Rb2 R8xb2 37. Nxb2 Nxc3 38. f5 exf5 39. Qc2 {[#]} Rh1+ $1 {[%mdl 576] Decoy. Accuracy: White = 27%, Black = 66%.} 0-1

[Event "32nd GER-ch Seniors-65 2020"]
[Site "Magdeburg"]
[Date "2020.08.21"]
[Round "8.2"]
[White "Postler, Reinhard"]
[Black "Dresen, Ulrich"]
[Result "0-1"]
[WhiteElo "2238"]
[BlackElo "2230"]
[Annotator "ChessBase"]
[PlyCount "58"]
[EventDate "2020.08.14"]
[EventType "swiss"]
[EventCountry "GER"]
[SourceTitle "playchess.com"]
[Source "ChessBase"]
[SourceQuality "1"]
[TimeControl "40/5400+30:1800+30"]

1. e4 {[%emt 0:00:00]} e5 {[%emt 0:02:01]} 2. Nf3 {[%emt 0:00:00]} Nc6 {[%emt 0:01:07]} 3. Bb5 {[%emt 0:00:00]} a6 {[%emt 0:00:05]} 4. Ba4 {[%emt 0:00:00]} Nf6 {[%emt 0:00:08]} 5. O-O {[%emt 0:00:00]} Be7 {[%emt 0:00:09]} 6. Re1 {[%emt 0:00:13]} b5 {[%emt 0:00:12]} 7. Bb3 {[%emt 0:00:01]} d6 {[%emt 0:00:10]} 8. a3 {[%emt 0:02:30]} O-O {[%emt 0:10:28]} 9. d3 {[%emt 0:00:19]} Be6 {[%emt 0:13:12]} 10. Nc3 {[%emt 0:10:37]} Bxb3 {[%emt 0:13:29]} 11. cxb3 {[%emt 0:00:06]} Nd4 {[%emt 0:02:15]} 12. Nxd4 {[%emt 0:03:04]} exd4 {[%emt 0:00:09]} 13. Ne2 {[%emt 0:00:03]} c5 {[%emt 0:00:56]} 14. Bg5 {[%emt 0:00:48]} Nd7 {[%emt 0:07:31]} 15. Bxe7 {[%emt 0:01:43]} Qxe7 {[%emt 0:00:04]} 16. Nf4 {[%emt 0:00:33]} Nf6 {[%emt 0:04:30]} 17. h4 {[%emt 0:04:49]} Qe5 {[%emt 0:03:58]} 18. g3 {[%emt 0:02:38]} h5 {[%emt 0:06:11]} 19. Rc1 {[%emt 0:09:11]} Rac8 {[%emt 0:00:55]} 20. Qf3 {[%emt 0:02:41]} Rfe8 {[%emt 0:00:48]} 21. Kf1 {[%emt 0:03:10]} g6 {[%emt 0:04:34]} 22. Re2 {[%emt 0:06:27]} Re7 {[%emt 0:03:11]} 23. Rcc2 {[%emt 0:05:55]} Kg7 {[%emt 0:01:16]} 24. Kg2 {[%emt 0:03:17]} Rec7 {[%emt 0:01:28]} 25. Nd5 {[%emt 0:03:21]} Nxd5 {[%emt 0:00:37]} 26. exd5 {[%emt 0:00:09]} Qf5 {[%emt 0:01:04]} 27. Re4 {[%emt 0:02:18]} Qxd5 {[%emt 0:01:12]} 28. Ree2 Qf5 29. Qe4 Qxe4+ 0-1

[Event "32nd GER-ch Seniors-65 2020"]
[Site "Magdeburg"]
[Date "2020.08.21"]
[Round "8.3"]
[White "Strobel, Walter"]
[Black "Waltenberger, Udo"]
[Result "1-0"]
[WhiteElo "2150"]
[BlackElo "2005"]
[Annotator "ChessBase"]
[PlyCount "54"]
[EventDate "2020.08.14"]
[EventType "swiss"]
[EventCountry "GER"]
[SourceTitle "playchess.com"]
[Source "ChessBase"]
[SourceQuality "1"]
[TimeControl "40/5400+30:1800+30"]

1. e4 {[%emt 0:00:00]} c5 {[%emt 0:03:20]} 2. Nf3 {[%emt 0:00:00]} Nc6 {[%emt 0:00:07]} 3. d4 {[%emt 0:00:00]} cxd4 {[%emt 0:00:04]} 4. Nxd4 {[%emt 0:00:05]} g6 {[%emt 0:00:10]} 5. c4 {[%emt 0:00:52]} Nf6 {[%emt 0:00:07]} 6. Nc3 {[%emt 0:01:08]} d6 {[%emt 0:00:03]} 7. f3 {[%emt 0:00:58]} Nxd4 {[%emt 0:00:05]} 8. Qxd4 {[%emt 0:00:05]} Bg7 {[%emt 0:00:13]} 9. Be3 {[%emt 0:00:12]} O-O {[%emt 0:00:04]} 10. Qd2 {[%emt 0:00:19]} a5 {[%emt 0:00:57]} 11. b3 {[%emt 0:00:58]} a4 {[%emt 0:00:41]} 12. b4 {[%emt 0:02:08]} Be6 {[%emt 0:00:04]} 13. Rc1 {[%emt 0:01:39]} Nd7 {[%emt 0:00:06]} 14. Be2 {[%emt 0:02:35]} a3 {[%emt 0:00:33]} 15. O-O {[%emt 0:04:51]} Nb6 {[%emt 0:00:41]} 16. Nd5 {[%emt 0:18:52]} Na4 {[%emt 0:02:11]} 17. Bd4 {[%emt 0:03:43]} Bxd4+ {[%emt 0:14:08]} 18. Qxd4 {[%emt 0:00:03]} Qd7 {[%emt 0:10:34]} 19. Qe3 {[%emt 0:04:01]} Bxd5 {[%emt 0:02:32]} 20. exd5 {[%emt 0:03:03]} b5 {[%emt 0:08:17]} 21. cxb5 {[%emt 0:01:38]} Rfc8 {[%emt 0:00:36]} 22. Rc6 {[%emt 0:01:16]} e6 {[%emt 0:08:14]} 23. dxe6 {[%emt 0:00:57]} fxe6 {[%emt 0:03:47]} 24. Rfc1 {[%emt 0:01:52]} d5 {[%emt 0:09:42]} 25. Qxa3 {[%emt 0:08:00]} Rxc6 {[%emt 0:05:17]} 26. Rxc6 {[%emt 0:00:27]} Kf7 {[%emt 0:08:44]} 27. Qc1 {[%emt 0:01:25]} Qd8 1-0